Proyecto: Centro de documentación especializado en relaciones internacionales y boletín informativo de difusión

Sparad:
Bibliografiska uppgifter
Institutionell upphovsman: FLACSO
Materialtyp: Text
Publicerad: San José: FLACSO
Taggar: Lägg till en tagg
Inga taggar, Lägg till första taggen!

MARC

LEADER 00000 a a2200000 04500
001 23199
003
040
090 |a 159400  
110 |a FLACSO  
245 |a Proyecto: Centro de documentación especializado en relaciones internacionales y boletín informativo de difusión  
260 |a San José:   |b FLACSO  
300 |a 25 p  
999 |c 6084  |d 6084